000
00322nam a22001457a 4500
003
OSt
005
20220216140855.0
008
220216b |||||||| |||| 00| 0 eng d
020
_a
0582327733
040
_c
HU
082
_2
2nd
_a
629.8
100
_a
Bolton
_9
28138
245
_a
Control Engineering
942
_2
ddc
_c
BOOKS
_n
0
999
_c
30600
_d
30600